Manipulácia ako moc, manipulácia a sloboda

Objasnenie korelácie manipulácie so súvisiacimi kategóriami, ako sú nátlak, násilie atď. Zložitosť vzájomných vzťahov, keď sa v zásade líšia alebo sa navzájom podobajú alebo sa prekrývajú. Manipulácia a sloboda - manipulácia zdanlivo a priori popiera slobodu a na druhej strane predpokladá jej prítom...

Descrizione completa

Salvato in:
Dettagli Bibliografici
Autore principale: Buraj, Ivan
Natura: Capitolo di libro
Lingua:slovacco
Soggetti:
Tags: Aggiungi Tag
Nessun Tag, puoi essere il primo ad aggiungerne!!

MARC

LEADER 00000naa a2200000 4500
001 0249766
005 20190628112953.2
041 0 |a slo 
044 |a SK 
245 1 0 |a Manipulácia ako moc, manipulácia a sloboda  |c Ivan Buraj 
520 |a Objasnenie korelácie manipulácie so súvisiacimi kategóriami, ako sú nátlak, násilie atď. Zložitosť vzájomných vzťahov, keď sa v zásade líšia alebo sa navzájom podobajú alebo sa prekrývajú. Manipulácia a sloboda - manipulácia zdanlivo a priori popiera slobodu a na druhej strane predpokladá jej prítomnosť, ktorá je stručne vyjadrená pojmom "dobrovoľné otroctvo". 
610 2 0 |a manipulácia vnútroobjektová 
610 2 0 |a moc vyššia 
610 2 0 |a filozofia 
610 2 0 |a sloboda 
610 2 0 |a pojmy 
100 1 |a Buraj, Ivan